<?xml version="1.0" encoding="UTF-8"?>
<collection xmlns="http://www.loc.gov/MARC21/slim">
 <record>
  <leader>00718pamaa2200193   4500</leader>
  <controlfield tag="001">0000038459</controlfield>
  <controlfield tag="005">20060510090000.0</controlfield>
  <datafield tag="020" ind1="0" ind2="0">
   <subfield code="a">9810243839 </subfield>
  </datafield>
  <datafield tag="082" ind1=" " ind2=" ">
   <subfield code="a">330.951 ECO</subfield>
  </datafield>
  <datafield tag="090" ind1="0" ind2="0">
   <subfield code="a">HC412 </subfield>
   <subfield code="b">ECO 2000</subfield>
  </datafield>
  <datafield tag="245" ind1="1" ind2="0">
   <subfield code="a">ECONOMETRIC modeling of China  </subfield>
   <subfield code="c">[editors] Lawrence R. Klein, Shinichi Ichimura.</subfield>
  </datafield>
  <datafield tag="260" ind1="0" ind2="0">
   <subfield code="a">Singapore: </subfield>
   <subfield code="b">World Scientific, </subfield>
   <subfield code="c">2000.</subfield>
  </datafield>
  <datafield tag="300" ind1=" " ind2=" ">
   <subfield code="a">xvi, 374p.; </subfield>
   <subfield code="c">23 cm.</subfield>
  </datafield>
  <datafield tag="440" ind1="0" ind2="0">
   <subfield code="a">Econometrics in the information age ; vol. 3</subfield>
  </datafield>
  <datafield tag="504" ind1="0" ind2="0">
   <subfield code="a">Includes bibliographical references and index</subfield>
  </datafield>
  <datafield tag="650" ind1="0" ind2="0">
   <subfield code="a">China -- </subfield>
   <subfield code="x">Economic conditions -- </subfield>
   <subfield code="x">Econometric models -- </subfield>
   <subfield code="y">1976-2000 </subfield>
  </datafield>
  <datafield tag="650" ind1="0" ind2="0">
   <subfield code="a">Economic forecasting -- </subfield>
   <subfield code="x">Econometric -- </subfield>
   <subfield code="x">models -- </subfield>
   <subfield code="z">China </subfield>
  </datafield>
  <datafield tag="700" ind1="1" ind2="1">
   <subfield code="a">Klein, </subfield>
   <subfield code="h">Lawrence R </subfield>
  </datafield>
  <datafield tag="700" ind1="1" ind2="1">
   <subfield code="a">Ichimura, </subfield>
   <subfield code="h">Shinchi </subfield>
  </datafield>
 </record>
</collection>
